Ueber eine neue Darstellungsmethode der fetten und cyklischen Hydrazine: [separat-abdruck]; Die Oxidation der fetten und cyklischen Hytdrazine in alkalischer Lösung

Бібліографічні деталі
Автор: Kijner N.
Резюме:Vom Verfasser überreicht
Мова:Німецька
Опубліковано: Leipzig, Johann Ambrisius Barth, 1901
TOC:Die Oxidation der fetten und cyklischen Hytdrazine in alkalischer Lösung;
Серія:Journal für praktische Chemie Neue Folge, Band 56
Предмети:
Формат: Книга
KOHA link:https://koha.lib.tpu.ru/cgi-bin/koha/opac-detail.pl?biblionumber=352383

MARC

LEADER 00000nam0a2200000 4500
001 352383
005 20231102010507.0
035 |a (RuTPU)RU\TPU\retro\8904 
035 |a RU\TPU\retro\8903 
090 |a 352383 
100 |a 20191220d1901 k y0gery50 ba 
101 0 |a ger 
102 |a DE 
105 |a y z 000zy 
200 1 |a Ueber eine neue Darstellungsmethode der fetten und cyklischen Hydrazine  |e [separat-abdruck]  |f N. Kijner 
210 |a Leipzig  |c Johann Ambrisius Barth  |d 1901 
215 |a S. 113-128 
225 1 |a Journal für praktische Chemie  |v Neue Folge, Band 56 
300 |a Vom Verfasser überreicht 
320 |a Библиогр. в примеч. 
464 |t Die Oxidation der fetten und cyklischen Hytdrazine in alkalischer Lösung 
541 1 |a О новом методе получения жирных и циклических гидразинов  |z rus 
606 1 |a Гидразины  |x Органическая химия  |2 stltpush  |3 (RuTPU)RU\TPU\subj\76461  |9 87539 
610 1 |a коллекция ТПУ 
610 1 |a оттиски 
610 1 |a немецкий язык 
610 1 |a получение 
610 1 |a методы 
610 1 |a исследования 
610 1 |a эксперименты 
610 1 |a расчеты 
610 1 |a формулы 
610 1 |a химические соединения 
610 1 |a химические реакции 
610 1 |a амины 
610 1 |a бром 
610 1 |a гидроксид калия 
610 1 |a бромирование 
610 1 |a кетоны 
610 1 |a гидразоны 
610 1 |a окисление 
610 1 |a щелочные растворы 
610 1 |a производные 
675 |a 547.23  |v 4 
700 1 |a Kijner  |b N. 
801 1 |a RU  |b 63413507  |c 20191220 
801 2 |a RU  |b 63413507  |c 20191220  |g RCR 
942 |c BK